000 01131nam2a22002651 4500
001 RU\NLR\INFOCOMM10\1000268725
005 20040720185536.0
035 _a(NLR Aleph) 002656298
090 _a3916252
_c3916252
100 _a20040720d1965 |||y0rusy50 ba
101 0 _arus
102 _aRU
105 _ay |||||||||
200 1 _aПолупроводниковые стабилизаторы напряжения
_fН.А. Стародубцев, Ю.В. Лизько
210 _d1965
461 0 _1001RU\NLR\INFOCOMM10\1000264961
_12001#$aПередовой научно-технический и производственный опыт$fГос. Ком. Совета Министров РСФСР по координации науч.-исслед. работ. Гос. Науч.-исслед. ин-т науч. и техн. информации$v1965, №4-65-2011
700 1 _aСтародубцев
_bН. А.
_4070
701 1 _aЛизько
_bЮ. В.
_4070
801 0 _aRU
_bNLR
_gPSBO
801 1 _aRU
_bInfoComm
_c20040720
852 _aNLR
_jП11/2295
942 _cISSUE
980 _aNB
980 _aRUSPER